Numerical Analysis (Record no. 13010)

MARC details
000 -LEADER
fixed length control field 00367nam a2200145 4500
003 - CONTROL NUMBER IDENTIFIER
control field OSt
008 - FIXED-LENGTH DATA ELEMENTS--GENERAL INFORMATION
fixed length control field 250124b |||||||| |||| 00| 0 eng d
020 ## - INTERNATIONAL STANDARD BOOK NUMBER
International Standard Book Number 9789387284616
100 ## - MAIN ENTRY--PERSONAL NAME
Personal name VACHHARAJANI, Vinay
245 ## - TITLE STATEMENT
Title Numerical Analysis
Remainder of title A Programming Approach
260 ## - PUBLICATION, DISTRIBUTION, ETC. (IMPRINT)
Name of publisher, distributor, etc BPB Publication
Date of publication, distribution, etc 2017
300 ## - PHYSICAL DESCRIPTION
Extent 577
650 ## - SUBJECT ADDED ENTRY--TOPICAL TERM
Topical term or geographic name as entry element B. Tech Applied Sc
942 ## - ADDED ENTRY ELEMENTS (KOHA)
Source of classification or shelving scheme Dewey Decimal Classification
Koha item type Text Books
Holdings
Withdrawn status Lost status Source of classification or shelving scheme Damaged status Not for loan Collection code Home library Current library Date acquired Source of acquisition Currency Cost, normal purchase price Bill Number Total Checkouts Full call number Acc. no. / Barcode Date last seen Actual Cost, discounted price Bill Date Koha item type Public note
    Dewey Decimal Classification     Applied Sc. PIET C-LIBRARY PIET C-LIBRARY 01/10/2024 RKK Books INR 399.00 RKK/2023-04/026   510 VAN 38585 24/01/2025 303.24 01/10/2024 Reference Books Decentralization

Design & Developed by: PIET Central Library
R70 Miles Stone Pattikalyana Samalkha Panipat 132102
mail ID :- [email protected], Phone No:- 0180-2569700 Ex.216